| 000 | 01138nam a22002657a 4500 | ||
|---|---|---|---|
| 005 | 2008073005425.0 | ||
| 008 | 080730t xxu||||| |||| 00| 0 hin d | ||
| 010 | _aHIN-83860 | ||
| 020 |
_a8171640680 _c150.00 |
||
| 035 | _aHN-56206 | ||
| 037 | _bDBAD / PUB | ||
| 040 |
_aDPL _bHN |
||
| 082 | _a634.3345 | ||
| 100 | _aशयाम सिंह | ||
| 245 |
_aखट्टा नीबू / _cश्याम सिंह |
||
| 246 |
_aKhatta neebu _bby Shyam Singh |
||
| 260 |
_aनई दिल्ली _bकृषि सूचना एवं प्रकाशन निदेशालय _c2007 |
||
| 270 |
_aभारतीय कृषि अनुसंधान परिषद _bनई दिल्ली _e110012 |
||
| 300 |
_a138पृ. _c22सेमी |
||
| 650 | _aनीबू | ||
| 650 | _aLemon | ||
| 700 | _aसक्सेना, जगदीप | ||
| 942 |
_2ddc _cHN _h634.3345 _mश्याम |
||
| 999 |
_c14681 _d14681 |
||